[Event "DEM U12 2012"]
[Site "Oberhof GER"]
[Date "2012.05.28"]
[Round "4"]
[White "Ovsepyan, Arshak"]
[Black "Vogel, Roven"]
[Result "0-1"]
[Termination "normal"]
[Board "1"]
[WhiteElo "1951"]
[BlackElo "1944"]
[PlyCount "132"]
[WhiteFideId "24690236"]
[BlackFideId "12908088"]
[EventCountry "GER"]
[EventRounds "11"]
[EventType "swiss"]
[EventDate "2012.05.26"]

1. d4 d5 2. Nf3 Nf6 3. Bf4 e6 4. e3 c5 5. c4 cxd4 6. exd4 Bd6 7. Bxd6 Qxd6 8.
Nc3 O-O 9. cxd5 exd5 10. Be2 a6 11. O-O Nc6 12. Rc1 b5 13. h3 Bd7 14. Bd3 Na5
15. Ne5 Nc4 16. Bxc4 dxc4 17. Re1 Be6 18. Qd2 Rad8 19. Rcd1 Qb6 20. Ne4 Nxe4
21. Rxe4 f6 22. Nf3 Bd5 23. Re3 Rd7 24. Ne1 Rfd8 25. Nc2 Bf7 26. Rde1 Bg6 27.
Re6 Rd6 28. Rxd6 Qxd6 29. Rd1 Qb6 30. Ne3 Bd3 31. d5 f5 32. Re1 Rf8 33. Qc3 Qd6
34. Qd4 Re8 35. Rd1 f4 36. Ng4 Re4 37. Qa7 h5 38. Nh2 Qe7 39. Qxe7 Rxe7 40. Nf3
Rd7 41. Ne5 Rxd5 42. Ng6 Rd4 43. Ne5 a5 44. Nc6 Re4 45. Rd2 Re6 46. Nxa5 Ra6
47. b4 Re6 48. Rd1 Re2 49. Ra1 Rb2 50. Nc6 c3 51. Rc1 Rb1 52. Rxb1 Bxb1 53. Nd4
Bxa2 54. Kf1 Bc4+ 55. Ke1 Kf7 56. Kd1 Bd3 57. Nf3 Ke6 58. Ne1 Be4 59. f3 Bf5
60. Nc2 Kd5 61. Na3 Bd3 62. Ke1 Kd4 63. Kd1 Ke3 64. Nc2+ Bxc2+ 65. Kxc2 Kd4 66.
Kc1 Kc4 0-1

[Event "DEM U12 2012"]
[Site "Oberhof GER"]
[Date "2012.05.28"]
[Round "4"]
[White "Schröder, Kevin"]
[Black "Schmidek, Emil"]
[Result "1/2-1/2"]
[Termination "normal"]
[Board "2"]
[WhiteElo "2036"]
[BlackElo "1800"]
[PlyCount "132"]
[WhiteFideId "12929840"]
[BlackFideId "12908150"]
[EventCountry "GER"]
[EventRounds "11"]
[EventType "swiss"]
[EventDate "2012.05.26"]

1. d4 Nf6 2. c4 g6 3. Nc3 Bg7 4. e4 d6 5. f3 O-O 6. Be3 Nbd7 7. Qd2 c5 8. Nge2
a6 9. O-O-O Qa5 10. Kb1 b5 11. Nd5 Qd8 12. dxc5 dxc5 13. Bxc5 Nxd5 14. Qxd5 Rb8
15. Ba7 Rb7 16. Bd4 e6 17. Qd6 bxc4 18. Bxg7 Kxg7 19. Qd4+ Kg8 20. Nc1 Qc7 21.
Bxc4 Rb4 22. b3 Ne5 23. Nd3 Nxd3 24. Qxd3 a5 25. a3 Rb6 26. Ka2 a4 27. b4 Rc6
28. Bb5 Rc2+ 29. Kb1 Rc3 30. Rc1 Rxd3 31. Rxc7 Rxa3 32. Rhc1 Rb3+ 33. Ka2 Rxb4
34. R1c5 Kg7 35. Ka3 Rb1 36. Bc4 Bb7 37. Bxe6 Ba6 38. Ba2 Rb7 39. Rxb7 Bxb7 40.
Rc7 Ba6 41. e5 Kg8 42. Re7 Bf1 43. g3 Bg2 44. f4 Bh3 45. Bd5 Be6 46. Bxe6 fxe6
47. Rxe6 Rc8 48. g4 Rc3+ 49. Kb2 Rf3 50. Rf6 Rf2+ 51. Ka3 Rxh2 52. f5 Rh3+ 53.
Kxa4 Rh4 54. e6 Rxg4+ 55. Kb5 Re4 56. Kc6 gxf5 57. Kd7 Kg7 58. Rxf5 Kg6 59. Rd5
Kf6 60. Rd6 h5 61. Rd1 h4 62. Rf1+ Kg5 63. e7 Kg4 64. Rg1+ Kf3 65. Rg6 Rxe7+
66. Kxe7 h3 1/2-1/2

[Event "DEM U12 2012"]
[Site "Oberhof GER"]
[Date "2012.05.28"]
[Round "4"]
[White "Kitze, Alexander"]
[Black "Burg, Niclas"]
[Result "1-0"]
[Termination "normal"]
[Board "3"]
[WhiteElo "1811"]
[BlackElo "1614"]
[PlyCount "65"]
[WhiteFideId "12914827"]
[BlackFideId "1271968"]
[EventCountry "GER"]
[EventRounds "11"]
[EventType "swiss"]
[EventDate "2012.05.26"]

1. e4 c5 2. Nf3 Nc6 3. d4 cxd4 4. Nxd4 Nf6 5. Nc3 e5 6. Ndb5 d6 7. Bg5 a6 8.
Na3 b5 9. Bxf6 gxf6 10. Nd5 f5 11. c3 Bg7 12. exf5 Bxf5 13. Nc2 O-O 14. Nce3
Be6 15. Bd3 f5 16. O-O Ne7 17. Nxe7+ Qxe7 18. Bxf5 Bxf5 19. Nxf5 Rxf5 20. Qd5+
Kh8 21. Qxa8+ Rf8 22. Qxa6 Qd7 23. Rad1 d5 24. Qb6 d4 25. cxd4 exd4 26. Rd3 Qf5
27. Rf3 Qe5 28. Rxf8+ Bxf8 29. Qd8 Kg7 30. Rd1 Bc5 31. b4 Bd6 32. Qh4 Kh8 33.
Qxd4 1-0

[Event "DEM U12 2012"]
[Site "Oberhof GER"]
[Date "2012.05.28"]
[Round "4"]
[White "Sieber, Fiona"]
[Black "Muckle, Julius"]
[Result "1-0"]
[Termination "normal"]
[Board "4"]
[WhiteElo "1771"]
[BlackElo "1541"]
[PlyCount "107"]
[WhiteFideId "12902373"]
[BlackFideId "12942430"]
[EventCountry "GER"]
[EventRounds "11"]
[EventType "swiss"]
[EventDate "2012.05.26"]

1. e4 e6 2. d4 d5 3. Nc3 Bb4 4. e5 Ne7 5. a3 Bxc3+ 6. bxc3 c5 7. Qg4 O-O 8. Bd3
f5 9. exf6 Rxf6 10. Qh5 g6 11. Qh4 Rf7 12. Bg5 Nbc6 13. Nf3 Qc7 14. O-O Nf5 15.
Bxf5 Rxf5 16. Rae1 Qa5 17. Re3 Bd7 18. Bf4 cxd4 19. cxd4 Qd8 20. Qg3 Qf6 21.
Be5 Nxe5 22. Nxe5 Qg7 23. Rfe1 Re8 24. Qg4 a6 25. Qe2 Bb5 26. Qd2 Qc7 27. Ng4
Qf4 28. f3 h5 29. Ne5 Kg7 30. Qb4 Qg5 31. a4 Bc6 32. Nxc6 bxc6 33. Qb7+ Re7 34.
Qxa6 Ref7 35. Kh1 Rf4 36. Re5 Qh6 37. c3 h4 38. h3 Rxf3 39. gxf3 Rxf3 40. Qb7+
Kh8 41. Qc8+ Kg7 42. Qd7+ Kh8 43. Qxe6 Qf4 44. Rg1 Rg3 45. Qc8+ Kg7 46. Re7+
Kf6 47. Qf8+ Kg5 48. Qxf4+ Kxf4 49. Rxg3 Kxg3 50. Re3+ Kf2 51. Re6 Kg3 52.
Rxg6+ Kxh3 53. Rxc6 Kg3 54. a5 1-0

[Event "DEM U12 2012"]
[Site "Oberhof GER"]
[Date "2012.05.28"]
[Round "4"]
[White "Gauchel, Lorenz"]
[Black "Lagunow, Raphael"]
[Result "1/2-1/2"]
[Termination "normal"]
[Board "5"]
[WhiteElo "1620"]
[BlackElo "1860"]
[PlyCount "82"]
[WhiteFideId "12905283"]
[BlackFideId "24652644"]
[EventCountry "GER"]
[EventRounds "11"]
[EventType "swiss"]
[EventDate "2012.05.26"]

1. d4 Nf6 2. Bf4 g6 3. e3 Bg7 4. Nf3 O-O 5. Be2 d6 6. h3 c5 7. c3 Qb6 8. Qc1
Be6 9. O-O Nc6 10. Nbd2 cxd4 11. Nxd4 Nxd4 12. exd4 Nd5 13. Bh2 Rfc8 14. Nf3 a5
15. a4 Bf5 16. Qd2 Nf6 17. Qc1 Ne4 18. Bf4 Be6 19. Be3 Bb3 20. Nd2 Nxd2 21.
Qxd2 d5 22. Rfe1 Bc4 23. Bg4 e6 24. Be2 Bxe2 25. Qxe2 Rc4 26. Ra2 Qc6 27. Rea1
Ra6 28. Bd2 Rb6 29. Be3 Rb3 30. Qd1 Rb6 31. Qe2 Qd7 32. Bf4 Rbc6 33. Qg4 Qd8
34. Bg5 f6 35. Be3 e5 36. Qe2 Re6 37. Bd2 Qe8 38. dxe5 Rxe5 39. Qd3 Qf7 40. Be3
Rce4 41. Bb6 f5 1/2-1/2

[Event "DEM U12 2012"]
[Site "Oberhof GER"]
[Date "2012.05.28"]
[Round "4"]
[White "Kololli, Kevin"]
[Black "Gungl, Theo"]
[Result "0-1"]
[Termination "normal"]
[Board "6"]
[WhiteElo "1767"]
[BlackElo "1818"]
[PlyCount "74"]
[WhiteFideId "12936863"]
[BlackFideId "24695653"]
[EventCountry "GER"]
[EventRounds "11"]
[EventType "swiss"]
[EventDate "2012.05.26"]

1. e4 e6 2. d4 d5 3. exd5 exd5 4. c4 Nc6 5. cxd5 Qxd5 6. Nf3 Nf6 7. Nc3 Qd8 8.
Bc4 Bd6 9. O-O O-O 10. h3 h6 11. Qc2 a6 12. a3 Bd7 13. Re1 b5 14. Ba2 Qc8 15.
Bxh6 Bf5 16. Qd2 gxh6 17. Qxh6 Nh7 18. Bd5 Qd7 19. Qh5 Ne7 20. Bxa8 Bg6 21. Qh6
Rxa8 22. g4 Kh8 23. Qe3 f6 24. Nh4 Rg8 25. Qh6 Bd3 26. Re3 Bf5 27. f3 Rg5 28.
Ng2 Bg3 29. Rxe7 Qxe7 30. gxf5 Bf4 31. Qh4 Qe3+ 32. Qf2 Qd3 33. Rd1 Qxf5 34.
Ne4 Rg8 35. Qh4 Be3+ 36. Kh2 Qxf3 37. Ng3 Bf2 0-1

[Event "DEM U12 2012"]
[Site "Oberhof GER"]
[Date "2012.05.28"]
[Round "4"]
[White "Bergauz, Noam"]
[Black "Balazs, Balint"]
[Result "1-0"]
[Termination "normal"]
[Board "7"]
[WhiteElo "1865"]
[BlackElo "1758"]
[PlyCount "99"]
[WhiteFideId "12938033"]
[BlackFideId "12922757"]
[EventCountry "GER"]
[EventRounds "11"]
[EventType "swiss"]
[EventDate "2012.05.26"]

1. e4 e6 2. d4 d5 3. Nd2 Nc6 4. Ngf3 dxe4 5. Nxe4 Be7 6. c3 Nf6 7. Bd3 b6 8.
Bb5 Bd7 9. Nxf6+ Bxf6 10. O-O O-O 11. Bf4 Ne7 12. Bxd7 Qxd7 13. Qc2 Nd5 14. Bg5
Bxg5 15. Nxg5 Nf6 16. f4 h6 17. Nf3 g6 18. Ne5 Qe7 19. Rae1 Kg7 20. Rf3 c5 21.
Qf2 cxd4 22. Nc6 Qc5 23. Nxd4 Rfe8 24. Re5 Qc4 25. b3 Qc7 26. h3 Nd5 27. Qg3
Kh7 28. c4 Nf6 29. Qe1 Rad8 30. Qc3 Qd6 31. Nb5 Qb8 32. Re1 Nd7 33. h4 a6 34.
Nd4 Qb7 35. Rg3 Nc5 36. Qe3 Qd7 37. Nf3 Qc7 38. Nd4 Rd7 39. h5 g5 40. Rg4 gxf4
41. Qc3 e5 42. Nf5 f6 43. Rg6 Qc6 44. Qh3 Ne6 45. Rxh6+ Kg8 46. Rxf6 Qc5+ 47.
Kf1 Ng7 48. Nh6+ Kh8 49. Qxd7 Re7 50. Qd5 1-0

[Event "DEM U12 2012"]
[Site "Oberhof GER"]
[Date "2012.05.28"]
[Round "4"]
[White "Krüger, David"]
[Black "Dürr, Florian"]
[Result "0-1"]
[Termination "normal"]
[Board "8"]
[WhiteElo "1762"]
[BlackElo "1934"]
[PlyCount "56"]
[WhiteFideId "12921858"]
[BlackFideId "24659134"]
[EventCountry "GER"]
[EventRounds "11"]
[EventType "swiss"]
[EventDate "2012.05.26"]

1. d4 Nf6 2. c4 g6 3. g3 c6 4. Bg2 d5 5. cxd5 cxd5 6. Nc3 Nc6 7. Nf3 Bg7 8. O-O
O-O 9. h3 Bf5 10. Nh4 Ne4 11. Nxf5 gxf5 12. e3 Qd7 13. Kh2 e6 14. f3 Nd6 15. b3
Rfc8 16. Bb2 b5 17. Rc1 Bh6 18. Re1 a5 19. Bf1 Qb7 20. Qd3 Rab8 21. Rcd1 Nc4
22. Ba1 Nb4 23. Qe2 Nxe3 24. Rc1 Nxf1+ 25. Qxf1 Bxc1 26. Rxc1 Qb6 27. Qd1 Nc6
28. Ne2 Ne7 0-1

[Event "DEM U12 2012"]
[Site "Oberhof GER"]
[Date "2012.05.28"]
[Round "4"]
[White "Laubrock, Paul"]
[Black "Baberz, Alexander"]
[Result "1/2-1/2"]
[Termination "normal"]
[Board "9"]
[WhiteElo "1648"]
[BlackElo "1815"]
[PlyCount "88"]
[WhiteFideId "1270509"]
[BlackFideId "12921734"]
[EventCountry "GER"]
[EventRounds "11"]
[EventType "swiss"]
[EventDate "2012.05.26"]

1. d4 Nf6 2. Nc3 d5 3. Bf4 e6 4. Qd2 Be7 5. f3 c5 6. e3 Nh5 7. Nge2 Nxf4 8.
Nxf4 Nc6 9. O-O-O cxd4 10. exd4 Bf6 11. Nce2 g6 12. g4 Bd7 13. Ng2 Qa5 14. Qxa5
Nxa5 15. f4 g5 16. fxg5 Bxg5+ 17. Nef4 Rg8 18. Be2 Rc8 19. h4 Bf6 20. g5 Bh8
21. Kb1 Nc6 22. c3 Ne7 23. Bd3 Ng6 24. Nh5 e5 25. Rde1 e4 26. Be2 Ne7 27. Rhf1
h6 28. Nf6+ Bxf6 29. Rxf6 hxg5 30. Bh5 Ng6 31. hxg5 Rc6 32. Ref1 Rxf6 33. Rxf6
Be6 34. Ne3 Ke7 35. Nf5+ Bxf5 36. Rxf5 Ke6 37. Rf6+ Ke7 38. Kc1 Rh8 39. Bxg6
fxg6 40. Rxg6 Rh1+ 41. Kd2 Rh2+ 42. Kc1 Rh1+ 43. Kd2 Rh2+ 44. Kc1 Rh1+ 1/2-1/2

[Event "DEM U12 2012"]
[Site "Oberhof GER"]
[Date "2012.05.28"]
[Round "4"]
[White "Höglauer, Patrick"]
[Black "Abbasov, Amil"]
[Result "1-0"]
[Termination "normal"]
[Board "10"]
[WhiteElo "1847"]
[BlackElo "1716"]
[PlyCount "81"]
[WhiteFideId "1270548"]
[BlackFideId "12930300"]
[EventCountry "GER"]
[EventRounds "11"]
[EventType "swiss"]
[EventDate "2012.05.26"]

1. e4 d5 2. exd5 Qxd5 3. Nc3 Qd6 4. d4 Nf6 5. Nf3 Bg4 6. Be2 g6 7. O-O Bg7 8.
h3 Bf5 9. Be3 a6 10. Ne5 Nbd7 11. Nc4 Qc6 12. Qd2 Nb6 13. Na5 Qd7 14. Nxb7 Nfd5
15. Nc5 Qd6 16. Nxd5 Nxd5 17. Bf3 Nxe3 18. fxe3 Rb8 19. c3 O-O 20. e4 Bc8 21.
Kh1 e5 22. Nb3 exd4 23. cxd4 Rd8 24. Rfd1 Qb6 25. Qg5 Bf6 26. Qf4 Bb7 27. e5
Bxf3 28. Qxf3 Bg7 29. Rac1 a5 30. Rc6 Qa7 31. Rdc1 Rbc8 32. Rf1 Rf8 33. Nc5
Rcd8 34. Qc3 Ra8 35. Qc4 Rad8 36. b3 Bh6 37. Rcf6 Bg7 38. Rxf7 Kh8 39. Ne6 Rxf7
40. Rxf7 Bh6 41. Nxd8 1-0

[Event "DEM U12 2012"]
[Site "Oberhof GER"]
[Date "2012.05.28"]
[Round "4"]
[White "Reuker, Jari"]
[Black "Graf, Clara Victoria"]
[Result "0-1"]
[Termination "normal"]
[Board "11"]
[WhiteElo "1771"]
[BlackElo "1727"]
[PlyCount "42"]
[WhiteFideId "12909300"]
[BlackFideId "1270339"]
[EventCountry "GER"]
[EventRounds "11"]
[EventType "swiss"]
[EventDate "2012.05.26"]

1. e4 c5 2. Nf3 Nc6 3. d4 cxd4 4. Nxd4 g6 5. c4 Nf6 6. Nc3 Nxd4 7. Qxd4 d6 8.
Be3 Bg7 9. Be2 O-O 10. Qd2 a5 11. O-O a4 12. f3 Qa5 13. Rab1 Be6 14. Nd5 Bxd5
15. Qxa5 Rxa5 16. cxd5 Nd7 17. Rfc1 Nc5 18. b4 axb3 19. axb3 Ra3 20. Bxc5 dxc5
21. Rxc5 Bd4+ 0-1

[Event "DEM U12 2012"]
[Site "Oberhof GER"]
[Date "2012.05.28"]
[Round "4"]
[White "Wächter, Nathalie"]
[Black "Pallas, Sebastian"]
[Result "1/2-1/2"]
[Termination "normal"]
[Board "12"]
[WhiteElo "1656"]
[BlackElo "1793"]
[PlyCount "57"]
[WhiteFideId "12921033"]
[BlackFideId "12905453"]
[EventCountry "GER"]
[EventRounds "11"]
[EventType "swiss"]
[EventDate "2012.05.26"]

1. Nc3 c5 2. e4 d6 3. Nge2 Nf6 4. d4 cxd4 5. Nxd4 a6 6. Be3 e6 7. Be2 Be7 8.
O-O Qc7 9. f4 Nbd7 10. Bf3 O-O 11. Nb3 Rb8 12. a4 b6 13. Qd2 Nc5 14. Nxc5 bxc5
15. Qc1 Bb7 16. Kh1 Bc6 17. e5 Nd5 18. Nxd5 Bxd5 19. Bxd5 exd5 20. Rf3 d4 21.
Bd2 Kh8 22. c3 dxc3 23. Bxc3 d5 24. f5 f6 25. e6 Qb7 26. Rb1 Rfc8 27. Qf4 Qc7
28. Qh4 Qd8 29. Rh3 1/2-1/2

[Event "DEM U12 2012"]
[Site "Oberhof GER"]
[Date "2012.05.28"]
[Round "4"]
[White "Poghosyan, Tigran"]
[Black "Herbrig, Alexander"]
[Result "1-0"]
[Termination "normal"]
[Board "13"]
[WhiteElo "1860"]
[BlackElo "1662"]
[PlyCount "73"]
[WhiteFideId "12909319"]
[BlackFideId "12952044"]
[EventCountry "GER"]
[EventRounds "11"]
[EventType "swiss"]
[EventDate "2012.05.26"]

1. e4 c5 2. Nf3 Nc6 3. d4 cxd4 4. Nxd4 Nf6 5. Nc3 d6 6. Bg5 e6 7. Qd2 Be7 8.
O-O-O a6 9. f4 Qc7 10. Kb1 Bd7 11. Be2 O-O-O 12. f5 Kb8 13. g4 Nxd4 14. Qxd4
Qc5 15. Qxc5 dxc5 16. Rhf1 Rhe8 17. Bf4+ Ka7 18. g5 Ng8 19. Bc7 Bxg5 20. Bxd8
Rxd8 21. fxe6 Bxe6 22. Rxd8 Bxd8 23. Nd5 g5 24. c4 b5 25. b3 b4 26. Bh5 f6 27.
Be2 Kb8 28. Kc2 a5 29. Bd3 Bxd5 30. exd5 h5 31. Re1 Ne7 32. d6 Nc6 33. Re8 f5
34. Bxf5 Nd4+ 35. Kd3 Nxf5 36. Rxd8+ Kb7 37. d7 1-0

[Event "DEM U12 2012"]
[Site "Oberhof GER"]
[Date "2012.05.28"]
[Round "4"]
[White "Fieberg, Samuel"]
[Black "Zienert, Richard"]
[Result "0-1"]
[Termination "normal"]
[Board "14"]
[WhiteElo "1872"]
[BlackElo "1649"]
[PlyCount "140"]
[WhiteFideId "12901717"]
[BlackFideId "12945986"]
[EventCountry "GER"]
[EventRounds "11"]
[EventType "swiss"]
[EventDate "2012.05.26"]

1. e4 c5 2. Nf3 e6 3. d4 cxd4 4. Nxd4 a6 5. Nc3 Qc7 6. Be2 Nf6 7. f4 Bb4 8. Qd3
Nxe4 9. Qxe4 Bxc3+ 10. Kf2 Ba5 11. Be3 d5 12. Qf3 Nd7 13. Rac1 b5 14. c4 bxc4
15. Bxc4 Qb8 16. Bb3 Bb7 17. Qg4 O-O 18. Bc2 Nf6 19. Qh3 Bb6 20. Rhd1 e5 21.
fxe5 Qxe5 22. Nf5 Bxe3+ 23. Nxe3 Rfe8 24. Re1 Qf4+ 25. Kg1 Bc8 26. Qf3 Qxf3 27.
gxf3 Bb7 28. Nf5 Rxe1+ 29. Rxe1 Re8 30. Rxe8+ Nxe8 31. b4 g6 32. Ba4 Nc7 33.
Nd6 Ba8 34. Kf2 Kf8 35. Nc8 f6 36. Bd7 Kf7 37. Ke3 Ne6 38. a4 d4+ 39. Kf2 Nf4
40. b5 Nd3+ 41. Ke2 Ne5 42. Bh3 axb5 43. axb5 f5 44. f4 Nf3 45. Bg2 Ng1+ 46.
Kf2 Bxg2 47. Kxg2 d3 48. Nd6+ Ke6 49. Nc4 Kd5 50. b6 Kxc4 51. b7 d2 52. b8=Q
d1=Q 53. Qc7+ Kd3 54. Qd6+ Ke2 55. Qe5+ Kd3 56. Qd5+ Kc2 57. Qc5+ Kd2 58. Qd5+
Kc1 59. Qc5+ Qc2+ 60. Qxc2+ Kxc2 61. Kxg1 Kd3 62. Kf2 Kd2 63. h3 h6 64. Kg3 h5
65. Kh4 Ke3 66. Kg5 Kf3 67. h4 Kg3 68. Kxg6 Kg4 69. Kh6 Kxh4 70. Kg6 Kg4 0-1

[Event "DEM U12 2012"]
[Site "Oberhof GER"]
[Date "2012.05.28"]
[Round "4"]
[White "Savchenko, Daniel"]
[Black "Urban, Konstantin"]
[Result "0-1"]
[Termination "normal"]
[Board "15"]
[WhiteElo "1628"]
[BlackElo "1766"]
[PlyCount "96"]
[WhiteFideId "12919195"]
[BlackFideId "12927511"]
[EventCountry "GER"]
[EventRounds "11"]
[EventType "swiss"]
[EventDate "2012.05.26"]

1. e4 c5 2. Nf3 Nc6 3. d4 cxd4 4. Nxd4 Nf6 5. Nc3 e5 6. Ndb5 d6 7. Nd5 Nxd5 8.
exd5 Nb8 9. c4 a6 10. Nc3 Be7 11. Be2 O-O 12. O-O Nd7 13. Be3 f5 14. f4 Bf6 15.
Kh1 Re8 16. Qc2 g6 17. Rae1 exf4 18. Bxf4 Ne5 19. g3 Bd7 20. Qb3 Qc7 21. Be3
Rac8 22. Bb6 Qb8 23. Na4 Re7 24. Rc1 Bxa4 25. Qxa4 Nd7 26. Bg1 Rxe2 27. Qxd7
Rd8 28. Qa4 Rxb2 29. Rfe1 Be5 30. Qa3 Rd2 31. Be3 Bb2 32. Qb3 Bxc1 33. Rxc1 Re2
34. Qd3 Rxa2 35. Re1 Re8 36. Qb3 Ra5 37. Qc3 Qc7 38. Rb1 b5 39. Bd2 Ra2 40.
cxb5 Qxc3 41. Bxc3 axb5 42. Rxb5 Rc2 43. Bd4 Re1+ 44. Bg1 Rcc1 45. Kg2 Rxg1+
46. Kh3 Rc5 47. Rb8+ Kg7 48. Rb7+ Kh6 0-1

[Event "DEM U12 2012"]
[Site "Oberhof GER"]
[Date "2012.05.28"]
[Round "4"]
[White "Nothnagel, Marian Can"]
[Black "Schnabel, Bennett"]
[Result "1/2-1/2"]
[Termination "normal"]
[Board "16"]
[WhiteElo "1723"]
[BlackElo "1693"]
[PlyCount "76"]
[WhiteFideId "12921530"]
[BlackFideId "12943290"]
[EventCountry "GER"]
[EventRounds "11"]
[EventType "swiss"]
[EventDate "2012.05.26"]

1. e4 c5 2. c3 Nf6 3. e5 Nd5 4. d4 cxd4 5. Nf3 Nc6 6. cxd4 d6 7. Nc3 dxe5 8.
dxe5 Nxc3 9. Qxd8+ Nxd8 10. bxc3 Nc6 11. Bf4 Bg4 12. Bc4 Bxf3 13. gxf3 e6 14.
Rb1 b6 15. Bb5 Rc8 16. Ke2 h6 17. Be3 Be7 18. Rhg1 Kf8 19. f4 g6 20. Rgd1 Nb8
21. Rb3 Kg7 22. a4 Rhd8 23. Bd3 Nc6 24. Re1 Na5 25. Rb5 Rd7 26. Rbb1 Rdc7 27.
Bd2 Nc4 28. Bxc4 Rxc4 29. Ra1 g5 30. Rg1 Kg6 31. h4 Rd8 32. f3 Rc5 33. hxg5
hxg5 34. Rac1 Rh8 35. Rg2 Kf5 36. fxg5 Rxe5+ 37. Kd1 Rh1+ 38. Kc2 Rxc1+ 1/2-1/2

[Event "DEM U12 2012"]
[Site "Oberhof GER"]
[Date "2012.05.28"]
[Round "4"]
[White "Sanati, Charlotte"]
[Black "Rätzke von Stoyentin, Steffen"]
[Result "1/2-1/2"]
[Termination "normal"]
[Board "17"]
[WhiteElo "1644"]
[BlackElo "1741"]
[PlyCount "134"]
[WhiteFideId "12907707"]
[BlackFideId "12907502"]
[EventCountry "GER"]
[EventRounds "11"]
[EventType "swiss"]
[EventDate "2012.05.26"]

1. e4 e5 2. Nf3 Nc6 3. Bb5 Nf6 4. O-O Nxe4 5. d4 Nd6 6. Bxc6 dxc6 7. Nxe5 Nf5
8. Re1 Be6 9. c3 Qd5 10. Nd2 c5 11. Ndf3 cxd4 12. cxd4 O-O-O 13. Qa4 a6 14. Bf4
Nxd4 15. Rac1 Nxf3+ 16. Nxf3 c6 17. Rcd1 Qb5 18. Rxd8+ Kxd8 19. Qd4+ Qd5 20.
Qb6+ Ke8 21. Qxb7 Be7 22. Qa8+ Bd8 23. Bc7 Ke7 24. Bxd8+ Rxd8 25. Qxa6 Qb5 26.
Qa3+ c5 27. Ng5 Qb4 28. Qe3 Qd4 29. Qxd4 Rxd4 30. Nxe6 fxe6 31. Kf1 Rb4 32. b3
Rb7 33. Rc1 Kd6 34. Ke2 Kc6 35. Rc3 Kb5 36. a4+ Kb4 37. Rc1 Rc7 38. Rb1 Kc3 39.
a5 Kc2 40. Ra1 Kxb3 41. a6 Ra7 42. Kd2 c4 43. Rb1+ Ka4 44. Kc3 Rxa6 45. Ra1+
Kb5 46. Rxa6 Kxa6 47. Kxc4 Kb6 48. Kd4 Kc6 49. Ke5 Kd7 50. f4 Ke7 51. g4 g6 52.
g5 Kf7 53. Kd6 Kg7 54. Kxe6 Kg8 55. Kf6 Kf8 56. h4 Kg8 57. f5 gxf5 58. Kxf5 Kf7
59. h5 Kg7 60. g6 hxg6+ 61. hxg6 Kg8 62. Kg5 Kg7 63. Kh5 Kg8 64. Kg5 Kg7 65.
Kh5 Kg8 66. Kg5 Kg7 67. Kh5 Kg8 1/2-1/2

[Event "DEM U12 2012"]
[Site "Oberhof GER"]
[Date "2012.05.28"]
[Round "4"]
[White "Kololli, Martin"]
[Black "Peter, Anton"]
[Result "1-0"]
[Termination "normal"]
[Board "18"]
[WhiteElo "1739"]
[BlackElo "1739"]
[PlyCount "31"]
[WhiteFideId "12936910"]
[BlackFideId "12901660"]
[EventCountry "GER"]
[EventRounds "11"]
[EventType "swiss"]
[EventDate "2012.05.26"]

1. e4 c5 2. Nf3 e6 3. c3 d5 4. exd5 Qxd5 5. d4 Nf6 6. Be2 cxd4 7. cxd4 Bb4+ 8.
Nc3 O-O 9. O-O Bxc3 10. bxc3 b6 11. Ne5 Bb7 12. Bf3 Ne4 13. Re1 f5 14. Bxe4
fxe4 15. Qg4 Nd7 16. Bh6 1-0

[Event "DEM U12 2012"]
[Site "Oberhof GER"]
[Date "2012.05.28"]
[Round "4"]
[White "Müller, Elias"]
[Black "Hartmann, Martin"]
[Result "0-1"]
[Termination "normal"]
[Board "19"]
[WhiteElo "1703"]
[BlackElo "1728"]
[PlyCount "80"]
[WhiteFideId "12917133"]
[BlackFideId "12911925"]
[EventCountry "GER"]
[EventRounds "11"]
[EventType "swiss"]
[EventDate "2012.05.26"]

1. e4 d5 2. exd5 Qxd5 3. Nc3 Qa5 4. Bc4 Nf6 5. d3 c6 6. Bd2 Bf5 7. Nd5 Qd8 8.
Nxf6+ gxf6 9. Qe2 Nd7 10. Nf3 Qc7 11. O-O-O e6 12. Rde1 O-O-O 13. Nd4 Bg6 14.
Bxe6 fxe6 15. Nxe6 Qd6 16. Bf4 Qb4 17. c3 Qa4 18. Kb1 Re8 19. b3 Rxe6 20. Qg4
Rxe1+ 21. Rxe1 Bxd3+ 22. Ka1 Bb4 23. Rc1 Qa3 24. Qg7 Qxc1+ 25. Bxc1 Bxc3+ 26.
Bb2 Bxb2+ 27. Kxb2 Re8 28. Qg3 Re2+ 29. Kc3 Bg6 30. a4 c5 31. b4 Rc2+ 32. Kb3
c4+ 33. Ka3 Rd2 34. Qg4 Rd3+ 35. Ka2 Rd2+ 36. Ka3 c3 37. Qc4+ Kd8 38. Qg8+ Ke7
39. Qg7+ Bf7 40. Qg3 Ra2# 0-1

[Event "DEM U12 2012"]
[Site "Oberhof GER"]
[Date "2012.05.28"]
[Round "4"]
[White "Nguyen, Huy Dat"]
[Black "Hoppe, Andreas"]
[Result "1-0"]
[Termination "normal"]
[Board "20"]
[WhiteElo "1764"]
[BlackElo "1743"]
[PlyCount "35"]
[WhiteFideId "12923486"]
[BlackFideId "12922811"]
[EventCountry "GER"]
[EventRounds "11"]
[EventType "swiss"]
[EventDate "2012.05.26"]

1. c4 e5 2. g3 Bc5 3. Bg2 Nc6 4. e3 Nge7 5. Nc3 d6 6. Nge2 Be6 7. d4 Nxd4 8.
exd4 exd4 9. Nxd4 Bxc4 10. Qa4+ c6 11. Qxc4 Qb6 12. Be3 d5 13. Qd3 Ng6 14. Qd2
Qa6 15. Nde2 Bb4 16. O-O Ne5 17. Bd4 Nc4 18. Qg5 1-0

[Event "DEM U12 2012"]
[Site "Oberhof GER"]
[Date "2012.05.28"]
[Round "4"]
[White "Wachsmann, Dietmar"]
[Black "Martin, Julian"]
[Result "0-1"]
[Termination "normal"]
[Board "21"]
[WhiteElo "1405"]
[BlackElo "1627"]
[PlyCount "104"]
[WhiteFideId "12917168"]
[BlackFideId "12941000"]
[EventCountry "GER"]
[EventRounds "11"]
[EventType "swiss"]
[EventDate "2012.05.26"]

1. e4 e5 2. f4 exf4 3. Nf3 d5 4. exd5 Qxd5 5. Nc3 Qd8 6. d4 Bd6 7. Bc4 Nf6 8.
O-O O-O 9. Ne5 Nbd7 10. Bxf4 Nxe5 11. Bxe5 Bxe5 12. dxe5 Qxd1 13. Raxd1 Ne8 14.
Rd8 g6 15. Rxe8 Rxe8 16. Bxf7+ Kf8 17. Bxg6+ Ke7 18. Nd5+ Ke6 19. Nxc7+ Kd7 20.
Rf7+ Re7 21. Bf5+ Kd8 22. e6 Rxc7 23. Rf8+ Ke7 24. Rf7+ Kd6 25. Rf6 Re7 26. Kf2
Bxe6 27. c4 Ke5 28. Rxe6+ Rxe6 29. Bxe6 Kxe6 30. Ke3 Ke5 31. b4 Rd8 32. a4 Rd4
33. c5 Rxb4 34. a5 Ra4 35. a6 Rxa6 36. g4 Rc6 37. h4 Rxc5 38. g5 Rc3+ 39. Kf2
Rh3 40. h5 Rxh5 41. g6 hxg6 42. Ke3 Rh3+ 43. Kf2 Ke4 44. Ke2 Ra3 45. Kf2 Rb3
46. Kg2 Kf4 47. Kf2 Rb2+ 48. Ke1 Ke3 49. Kd1 Rh2 50. Kc1 Kd3 51. Kb1 Kc3 52.
Kc1 Rh1# 0-1

[Event "DEM U12 2012"]
[Site "Oberhof GER"]
[Date "2012.05.28"]
[Round "4"]
[White "Rogozenco, Teodora"]
[Black "Kuhn, Magnus"]
[Result "1-0"]
[Termination "normal"]
[Board "22"]
[WhiteElo "1651"]
[BlackElo "1658"]
[PlyCount "49"]
[WhiteFideId "12938084"]
[BlackFideId "12926345"]
[EventCountry "GER"]
[EventRounds "11"]
[EventType "swiss"]
[EventDate "2012.05.26"]

1. d4 d5 2. Nf3 Nf6 3. c4 c6 4. Nc3 dxc4 5. a4 Bf5 6. e3 e6 7. Bxc4 Bb4 8. O-O
Qc7 9. Qe2 O-O 10. e4 Bg6 11. e5 Nd5 12. Ne4 Nd7 13. Nh4 N7b6 14. Nxg6 hxg6 15.
Bb3 Rfe8 16. Rd1 a5 17. Bg5 Rac8 18. Rac1 Bf8 19. Qg4 Qb8 20. Rd3 Rc7 21. Rh3
Be7 22. Qh4 f5 23. exf6 Bf8 24. Qh8+ Kf7 25. Nd6+ 1-0